000 01543nam0a2200301 4500
001 RU\NLR\bibl\1249436
005 20250615123437.0
021 _aRU
_b2008-36703
_92018
035 _a(NLR Aleph) 001235551
090 _a225800
_c225800
100 _a20080512d2006 |||y0rusy50 ca
101 0 _arus
102 _aRU
105 _aa dm |||||
200 1 _aЭкономика энергетики
_eучебное пособие по практическим занятиям
_fЕ. В. Спиридонова, А. Е. Щелконогов
_gМ-во образования и науки Рос. Федерации, Федер. агентство по образованию, Юж.-Урал. гос. ун-т, Каф. "Междунар. менеджмент"
210 _aЧелябинск
_cИзд-во ЮУрГУ
_d2006
215 _a65, [1] с.
_cил.
_d20
320 _aБиблиогр.: с. 65 (14 назв.)
606 1 _aЭнергетика
_jУчебные издания для высших учебных заведений
_yРоссийская Федерация
_92103675
_3RU\NLR\auth\661272005
686 _a65.9(2)305.7я73
_vLBC/RL
_2rubbk
686 _a06.71.03
_2Rugasnti
700 1 _aСпиридонова
_bЕ. В.
_gЕлена Владимировна
701 1 _aЩелконогов
_bА. Е.
_gАндрей Евгеньевич
801 0 _aRU
_bЧелябинская ОУНБ
_c20080512
_grcr
801 1 _aRU
_bЧелябинская ОУНБ
_c20080512
801 2 _aRU
_bNLR
_c20080707
_grcr
942 _cBOOK
980 _aNB